000 00716nam a2200289Ia 4500
005 20260324120305.0
008 008 260324s9999 xx 000 0 eng d
020 _a9781003235361
037 _aEBOOK
040 _aCRL
040 _beng
040 _cCRL
041 _2eng
041 _aeng
084 _qCRL
100 _aColleen Reding
_91157983
245 0 _aGrad's Guide to Graduate Admissions Essays
245 0 _bExamples From Real Students Who Got Into Top Schools
260 _bTaylor and Francis
260 _c2015
365 _a
365 _b65.99
856 _uhttp://www.taylorfrancis.com/books/9781003235361
942 _cEBOOK
999 _c1749439
_d1749439